00517 2200181 4500001002100000008004100021035002000062245009500082100001500177260003300192300002300225020002200248084001400270082000800284650002100292990001100313990001100324INLIS000000000015428 ind  a0010-1222000507 aanakku Terhebat!!!bTips-tips Membentuk Anak menjadi yang TerbaikcDian Nafi; editor, Qoni aDIAN, Nafi aYogyakarta :bFamilia,c2022 ax, 100 hal.c20 cm a978-602-9434-54-5 a372 DIA a a372 aPENDIDIKAN. ANAK a9786 a a9786 b